Disrepair or disarray (Record no. 66012)

MARC details
000 -LEADER
fixed length control field 01396cam a2200241 4500
001 - CONTROL NUMBER
control field ABS63445
008 - FIXED-LENGTH DATA ELEMENTS--GENERAL INFORMATION
fixed length control field 000000n2001 000 0 eng u
035 ## - SYSTEM CONTROL NUMBER
System control number (Sirsi) u110749
100 ## - MAIN ENTRY--PERSONAL NAME
Personal name Blackhurst, R.
245 ## - TITLE STATEMENT
Title Disrepair or disarray
260 ## - PUBLICATION, DISTRIBUTION, ETC.
Date of publication, distribution, etc. 2001
490 ## - SERIES STATEMENT
Series statement Housing Today
Volume/sequential designation (219) 1 February 2001, 18-19(2)
520 ## - SUMMARY, ETC.
Summary, etc. Discusses the draft housing disrepair protocol, which seeks to ensure a swift and appropriate resolution to repair disputes. Under the protocol tenants will be required to provide full details of any claim in an early notification letter (ENL) followed by a letter of claim (LOC), where repairs are needed urgently or full details are not available, or by a letter of claim alone. Landlords will then be required to respond to the ENL or LOC within 21 days and supply all the documents relevant to the claim. This, it is claimed, will place a heavy burden on landlords and, unless attitudes change, will lead to an increase in the costs of disrepair actions. The draft protocol is available on the Law Society website at http://www.lawsociety.co.uk. The consultation period closes 9 March 2001.
590 ## - LOCAL NOTE (RLIN)
Local note ABS
650 ## - SUBJECT ADDED ENTRY--TOPICAL TERM
Topical term or geographic name entry element COSTS
650 ## - SUBJECT ADDED ENTRY--TOPICAL TERM
Topical term or geographic name entry element Dilapidations
9 (RLIN) 6235
650 ## - SUBJECT ADDED ENTRY--TOPICAL TERM
Topical term or geographic name entry element DISREPAIR
650 ## - SUBJECT ADDED ENTRY--TOPICAL TERM
Topical term or geographic name entry element HOUSING DISPUTES
650 ## - SUBJECT ADDED ENTRY--TOPICAL TERM
Topical term or geographic name entry element HOUSING DISREPAIR PROTOCOL
650 ## - SUBJECT ADDED ENTRY--TOPICAL TERM
Topical term or geographic name entry element PRE-ACTION PROTOCOLS
690 ## - LOCAL SUBJECT ADDED ENTRY--TOPICAL TERM (OCLC, RLIN)
Topical term or geographic name as entry element Dilapidations
9 (RLIN) 6235
942 ## - ADDED ENTRY ELEMENTS (KOHA)
Suppress in OPAC 0
Holdings
Withdrawn status Lost status Source of classification or shelving scheme Damaged status Not for loan Home library Current library Shelving location Date acquired Total Checkouts Full call number Barcode Date last seen Copy number Price effective from Koha item type
    Dewey Decimal Classification     London London Journal article 05/02/2001   ABS63445 110749-1001 06/08/2019 1 06/08/2019 Journal article